Pôžička STF na pomoc v trhovej konfrontácii. Nový typ pomoci MMF pre Slovensko.
MMF schválil v júni 1993 pre SR pôžičku STF - Systematic Transformation Facility (systémová transformačná pôžička) na riešenie problémov platobnej bilancie zapríčinených rozpadom tradičných obchodných a zúčtovacích vzťahov (prechod k mnohostrannému obchodu na trhovom základe, k trhovým cenám). Pozri...
Salvato in:
| Autore principale: | |
|---|---|
| Natura: | Capitolo di libro |
| Lingua: | slovacco |
| Soggetti: | |
| Tags: |
Nessun Tag, puoi essere il primo ad aggiungerne!!
|
MARC
| LEADER | 00000naa a2200000 4500 | ||
|---|---|---|---|
| 001 | r013708 | ||
| 005 | 20221205080654.6 | ||
| 041 | 0 | |a slo | |
| 044 | |a SK | ||
| 245 | 1 | 0 | |a Pôžička STF na pomoc v trhovej konfrontácii. |b Nový typ pomoci MMF pre Slovensko. |c R. Šnajdr |
| 520 | |a MMF schválil v júni 1993 pre SR pôžičku STF - Systematic Transformation Facility (systémová transformačná pôžička) na riešenie problémov platobnej bilancie zapríčinených rozpadom tradičných obchodných a zúčtovacích vzťahov (prechod k mnohostrannému obchodu na trhovom základe, k trhovým cenám). Pozri aj príspevok na s. 3. | ||
| 610 | 2 | 0 | |a Medzinárodný menový fond |
| 610 | 2 | 0 | |a Slovensko |
| 610 | 2 | 0 | |a STF |
| 610 | 2 | 0 | |a pôžičky zahraničné |
| 610 | 2 | 0 | |a 1993 |
| 100 | 1 | |a Šnajdr, R. | |